[Event "St Veit op 42nd"]
[Site "St Veit"]
[Date "2023.07.14"]
[Round "8"]
[White "Wegerer, Josef"]
[Black "Manhardt, Thomas"]
[Result "0-1"]
[WhiteElo "1920"]
[BlackElo "2223"]
[PlyCount "87"]
[EventDate "2023.07.08"]
[EventType "swiss"]
[EventRounds "9"]
[EventCountry "AUT"]
[SourceTitle "CBM 215 Extra"]
[Source "ChessBase"]
[SourceDate "2023.09.30"]
[SourceVersion "1"]
[SourceVersionDate "2023.09.30"]
[SourceQuality "1"]

1. e4 c5 2. Nc3 Nc6 3. f4 g6 4. Nf3 Bg7 5. Bb5 Nd4 6. 0-0 Nxb5 7. Nxb5 a6 8. Nc3 d6 9. d3 Nh6 10. Qe1 f5 11. Ng5 0-0 12. exf5 Nxf5 13. Ne6 Bxe6 14. Qxe6+ Kh8 15. Qe1 Nd4 16. Qd1 e6 17. Ne2 Nf5 18. g3 b5 19. c3 Qd7 20. Kg2 Qc6+ 21. Kh3 Rae8 22. g4 Ne7 23. Ng3 Nd5 24. c4 bxc4 25. dxc4 Nb6 26. Qc2 d5 27. cxd5 exd5 28. Bd2 Nc4 29. Rab1 Rb8 30. f5 Rxb2 31. Rxb2 Nxb2 32. Bc3 Nc4 33. Bxg7+ Kxg7 34. Re1 Re8 35. f6+ Kf7 36. Rxe8 Qxe8 37. Qb3 Qe6 38. Qb7+ Kxf6 39. Qxh7 Ne3 40. Qh8+ Ke7 41. Qh4+ Kd7 42. Qg5 c4 43. Ne2 Qe4 44. Nf4 0-1

[Event "St Veit op 42nd"]
[Site "St Veit"]
[Date "2023.07.08"]
[Round "1"]
[White "Wegerer, Josef"]
[Black "Schwab, Lukas"]
[Result "0-1"]
[WhiteElo "1920"]
[BlackElo "2195"]
[PlyCount "62"]
[EventDate "2023.07.08"]
[EventType "swiss"]
[EventRounds "9"]
[EventCountry "AUT"]
[SourceTitle "CBM 215 Extra"]
[Source "ChessBase"]
[SourceDate "2023.09.30"]
[SourceVersion "1"]
[SourceVersionDate "2023.09.30"]
[SourceQuality "1"]

1. Nf3 d5 2. g3 Nf6 3. Bg2 g6 4. b3 Bg7 5. Bb2 0-0 6. 0-0 Nbd7 7. d3 b6 8. Nbd2 Bb7 9. a4 c5 10. Ra2 Qc7 11. Qa1 Bh6 12. e3 Rfe8 13. Ne5 d4 14. Nxd7 Qxd7 15. Bxb7 Qxb7 16. Nc4 Nd5 17. Qc1 a6 18. f4 b5 19. axb5 axb5 20. Rxa8 Rxa8 21. exd4 cxd4 22. Ne5 Ne3 23. Rf2 Qd5 24. Nf3 Ng4 25. Rf1 Ne3 26. Rf2 Ng4 27. Rf1 e5 28. h3 Ne3 29. fxe5 Nxf1 30. Qxf1 Be3+ 31. Kg2 Qc6 0-1

[Event "Balaton op 30th"]
[Site "Heviz"]
[Date "2012.10.01"]
[Round "9"]
[White "Zpevakova, Jana"]
[Black "Wegerer, Josef"]
[Result "1-0"]
[WhiteElo "1905"]
[BlackElo "2055"]
[PlyCount "65"]
[EventDate "2012.09.23"]
[EventType "swiss"]
[EventRounds "9"]
[EventCountry "HUN"]
[SourceTitle "CBM 150 Extra"]
[Source "ChessBase"]
[SourceDate "2012.10.19"]
[SourceVersion "1"]
[SourceVersionDate "2012.10.19"]
[SourceQuality "1"]

1. d4 d5 2. c4 e6 3. Nf3 c6 4. Nc3 Nf6 5. Bg5 h6 6. Bh4 dxc4 7. a4 Bb4 8. Bxf6 Qxf6 9. Ne5 c5 10. e3 0-0 11. Bxc4 cxd4 12. exd4 Nd7 13. Qe2 Bxc3+ 14. bxc3 Nxe5 15. dxe5 Qe7 16. 0-0 b6 17. Rad1 Bb7 18. Rd6 Qc7 19. Rfd1 Qc5 20. R1d4 Rac8 21. h3 Qa5 22. Qe1 Ba6 23. Bxa6 Qxa6 24. Qe3 Qa5 25. Rb4 Rc5 26. f4 Rfc8 27. Qd2 Qa6 28. Rbd4 Qb7 29. Rd8+ Kh7 30. R4d7 R8c7 31. Qd3+ g6 32. Qd6 Rxc3 33. Qf8 1-0

[Event "AUT-ch"]
[Site "Linz"]
[Date "2011.07.29"]
[Round "7"]
[White "Ruescher, Christian"]
[Black "Wegerer, Josef"]
[Result "1-0"]
[WhiteElo "2031"]
[BlackElo "2082"]
[PlyCount "81"]
[EventDate "2011.07.23"]
[EventType "swiss"]
[EventRounds "9"]
[EventCountry "AUT"]
[SourceTitle "CBM 143 Extra"]
[Source "ChessBase"]
[SourceDate "2011.08.29"]
[SourceVersion "1"]
[SourceVersionDate "2011.08.29"]
[SourceQuality "1"]

1. d4 d5 2. Bf4 Nf6 3. e3 g6 4. Nf3 Bg7 5. Bd3 0-0 6. 0-0 c5 7. c3 cxd4 8. exd4 Nc6 9. Nbd2 a6 10. Ne5 Nxe5 11. Bxe5 Bd7 12. Qe1 Bc6 13. f4 e6 14. Qe2 Qd7 15. Nf3 Bb5 16. Bxb5 axb5 17. Bxf6 Bxf6 18. Ne5 Bxe5 19. fxe5 Qc6 20. Qe3 Rfc8 21. Rf3 Rc7 22. Qh6 Qe8 23. Rh3 f5 24. exf6 e5 25. Qg5 Ra6 26. Qxe5 Re6 27. Qxd5 Rd7 28. Qxb5 Rxf6 29. Rf1 Rxf1+ 30. Qxf1 Re7 31. Rf3 Kg7 32. Qd3 Re1+ 33. Kf2 Rc1 34. Qe2 Qxe2+ 35. Kxe2 Rc2+ 36. Ke3 Rxb2 37. Rf2 Rb6 38. c4 Re6+ 39. Kd3 b6 40. c5 bxc5 41. dxc5 1-0

[Event "AUT-ch"]
[Site "Linz"]
[Date "2011.07.28"]
[Round "6"]
[White "Wegerer, Josef"]
[Black "Enzendorfer, Alfred"]
[Result "0-1"]
[WhiteElo "2082"]
[BlackElo "2139"]
[PlyCount "58"]
[EventDate "2011.07.23"]
[EventType "swiss"]
[EventRounds "9"]
[EventCountry "AUT"]
[SourceTitle "CBM 143 Extra"]
[Source "ChessBase"]
[SourceDate "2011.08.29"]
[SourceVersion "1"]
[SourceVersionDate "2011.08.29"]
[SourceQuality "1"]

1. e4 g6 2. d4 d5 3. e5 e6 4. f4 c5 5. c3 a6 6. Nf3 b5 7. Be3 Qb6 8. Nbd2 c4 9. Be2 a5 10. 0-0 b4 11. Qc1 Ne7 12. Bxc4 Nf5 13. Bxd5 exd5 14. cxb4 Nc6 15. bxa5 Nxa5 16. Bf2 Ba6 17. Re1 Rc8 18. Qd1 Be7 19. g4 Ng7 20. Nf1 0-0 21. b3 Ne6 22. f5 Nf4 23. Re3 Nh3+ 24. Kg2 Nxf2 25. Kxf2 Rc7 26. f6 Ba3 27. Kg1 Rfc8 28. Ne1 Bb2 29. Rf3 Qxd4+ 0-1

[Event "St Veit op-A 29th"]
[Site "St Veit"]
[Date "2010.07.17"]
[Round "8"]
[White "Wegerer, Josef"]
[Black "Verhoef, Helge"]
[Result "0-1"]
[WhiteElo "2074"]
[BlackElo "2054"]
[PlyCount "72"]
[EventDate "2010.07.10"]
[EventType "swiss"]
[EventRounds "9"]
[EventCountry "AUT"]
[SourceTitle "CBM 137 Extra"]
[Source "ChessBase"]
[SourceDate "2010.09.01"]
[SourceVersion "1"]
[SourceVersionDate "2010.09.01"]
[SourceQuality "1"]

1. e4 Nf6 2. e5 Nd5 3. d4 d6 4. Nf3 Bg4 5. Be2 e6 6. c4 Nb6 7. Nbd2 c5 8. dxc5 dxc5 9. 0-0 Nc6 10. b3 Qc7 11. Bb2 Bxf3 12. Bxf3 Nxe5 13. Bxe5 Qxe5 14. Bxb7 Rd8 15. Qc2 Bd6 16. Bc6+ Nd7 17. Nf3 Qh5 18. Rad1 Ke7 19. Bxd7 Rxd7 20. Qc3 Bxh2+ 21. Nxh2 Rxd1 22. Qxg7 Rhd8 23. Qg3 Rxf1+ 24. Nxf1 Rd1 25. Qe3 Qf5 26. g3 Qd3 27. Qxd3 Rxd3 28. Kg2 Rd1 29. f4 Rb1 30. Kf2 Rb2+ 31. Ke3 Rxa2 32. Nd2 f5 33. Kd3 Kd6 34. Ke3 a5 35. Kd3 Ra1 36. Ke3 Rc1 0-1

[Event "Schwarzach op-A"]
[Site "Schwarzach"]
[Date "2009.08.19"]
[Round "5"]
[White "Popa, Claudio"]
[Black "Wegerer, Josef"]
[Result "1/2-1/2"]
[WhiteElo "2233"]
[BlackElo "2063"]
[PlyCount "58"]
[EventDate "2009.08.15"]
[EventType "swiss"]
[EventRounds "9"]
[EventCountry "AUT"]
[SourceTitle "CBM 132 Extra"]
[Source "ChessBase"]
[SourceDate "2009.11.03"]
[SourceVersion "1"]
[SourceVersionDate "2009.11.03"]
[SourceQuality "1"]

1. e4 e5 2. Nf3 Nc6 3. d4 exd4 4. Nxd4 Bc5 5. Nxc6 Qf6 6. Qd2 bxc6 7. Nc3 d6 8. Bd3 Ne7 9. 0-0 Ng6 10. Na4 Bb6 11. Nxb6 axb6 12. f4 0-0 13. c3 Ba6 14. a3 Bxd3 15. Qxd3 c5 16. Bd2 Rfe8 17. Rae1 Qd8 18. Qd5 Ne7 19. Qh5 Ng6 20. f5 Nf8 21. Rf3 f6 22. Rg3 Re7 23. Bh6 Qe8 24. Qg4 Ra4 25. Qd1 Kh8 26. Qd5 Nd7 27. Qc6 Ra7 28. Bf4 Nf8 29. Qd5 Qf7 1/2-1/2

[Event "Balatonlelle op 27th"]
[Site "Balatonlelle"]
[Date "2009.06.15"]
[Round "3"]
[White "Habibi, Ali"]
[Black "Wegerer, Josef"]
[Result "1/2-1/2"]
[WhiteElo "2290"]
[BlackElo "2071"]
[PlyCount "77"]
[EventDate "2009.06.13"]
[EventType "swiss"]
[EventRounds "9"]
[EventCountry "HUN"]
[SourceTitle "CBM 131 Extra"]
[Source "ChessBase"]
[SourceDate "2009.09.03"]
[SourceVersion "2"]
[SourceVersionDate "2009.09.16"]
[SourceQuality "1"]

1. Nf3 d5 2. c4 c6 3. e3 Nf6 4. b3 Bg4 5. Bb2 e6 6. Be2 Nbd7 7. 0-0 Be7 8. h3 Bh5 9. d4 0-0 10. Nbd2 a5 11. Qc2 Bg6 12. Bd3 Bxd3 13. Qxd3 a4 14. e4 dxe4 15. Nxe4 Nxe4 16. Qxe4 Bf6 17. Qe3 axb3 18. axb3 Qc7 19. g4 g6 20. g5 Bg7 21. Kg2 Rfe8 22. Rfe1 c5 23. h4 b6 24. Qe4 Rxa1 25. Bxa1 cxd4 26. Nxd4 Nc5 27. Qf3 Rd8 28. Nb5 Qd7 29. Bxg7 Kxg7 30. h5 gxh5 31. Nc3 Qb7 32. Ne4 Nxe4 33. Rxe4 Kg8 34. Qe3 Rd1 35. Kh2 Qc7+ 36. Qg3 Qxg3+ 37. Kxg3 Rb1 38. Re3 Kg7 39. Kf4 1/2-1/2

[Event "Balatonlelle op"]
[Site "Balatonlelle"]
[Date "2006.06.20"]
[Round "4"]
[White "Vospernik, Andrej"]
[Black "Wegerer, Josef"]
[Result "1/2-1/2"]
[WhiteElo "2202"]
[BlackElo "2079"]
[PlyCount "60"]
[EventDate "2006.06.17"]
[EventType "swiss"]
[EventRounds "9"]
[EventCountry "HUN"]
[SourceTitle "CBM 112 Extra"]
[Source "ChessBase"]
[SourceDate "2006.07.14"]
[SourceVersion "1"]
[SourceVersionDate "2006.07.14"]
[SourceQuality "1"]

1. e4 c6 2. d4 d5 3. exd5 cxd5 4. Nf3 Bg4 5. h3 Bh5 6. Bb5+ Nc6 7. g4 Bg6 8. Ne5 Rc8 9. c4 Bxb1 10. Rxb1 f6 11. Bxc6+ bxc6 12. Nf3 e6 13. 0-0 Bd6 14. Qa4 Qd7 15. Re1 Kf7 16. cxd5 exd5 17. Nh4 g6 18. Bd2 h5 19. Qc2 Ne7 20. Rxe7+ Kxe7 21. Nxg6+ Kf7 22. Nxh8+ Rxh8 23. f3 hxg4 24. hxg4 Qc7 25. Be1 Bh2+ 26. Kg2 Bf4 27. Qf5 Rh2+ 28. Kf1 Rh1+ 29. Kg2 Rh2+ 30. Kf1 Rh1+ 1/2-1/2

[Event "Balatonlelle op"]
[Site "Balatonlelle"]
[Date "2006.06.18"]
[Round "2"]
[White "Fodor, Istvan"]
[Black "Wegerer, Josef"]
[Result "1/2-1/2"]
[WhiteElo "2214"]
[BlackElo "2079"]
[PlyCount "87"]
[EventDate "2006.06.17"]
[EventType "swiss"]
[EventRounds "9"]
[EventCountry "HUN"]
[SourceTitle "CBM 112 Extra"]
[Source "ChessBase"]
[SourceDate "2006.07.14"]
[SourceVersion "1"]
[SourceVersionDate "2006.07.14"]
[SourceQuality "1"]

1. d4 d5 2. c4 e6 3. Nf3 c6 4. Qc2 dxc4 5. Qxc4 b6 6. g3 c5 7. Bg2 Bb7 8. 0-0 Nd7 9. Nc3 Ngf6 10. Rd1 Qc8 11. Bf4 Nd5 12. Bd2 Be7 13. Rac1 0-0 14. Qd3 Qd8 15. e4 Nxc3 16. bxc3 Rc8 17. Bf4 Nf6 18. Ne5 Nd7 19. Nf3 Nf6 20. Ne5 Nd7 21. Qb5 Nxe5 22. Bxe5 c4 23. Bf4 Ba8 24. Qa4 g5 25. Be3 Qc7 26. d5 exd5 27. exd5 h6 28. Qc2 Rfd8 29. Qf5 Qd7 30. Qe4 b5 31. Qd4 Ba3 32. Rb1 a6 33. h4 Be7 34. hxg5 hxg5 35. Qe5 Qd6 36. Qf5 Qf6 37. Qh3 Qg6 38. Bd4 Qh7 39. Qxh7+ Kxh7 40. Bb6 Rd7 41. Rd2 Bd6 42. Bd4 Re8 43. Bh3 Rde7 44. Bf5+ 1/2-1/2

[Event "Balatonlelle op"]
[Site "Balatonlelle"]
[Date "2006.06.17"]
[Round "1"]
[White "Wegerer, Josef"]
[Black "Martini, Balazs"]
[Result "0-1"]
[WhiteElo "2079"]
[BlackElo "2276"]
[PlyCount "100"]
[EventDate "2006.06.17"]
[EventType "swiss"]
[EventRounds "9"]
[EventCountry "HUN"]
[SourceTitle "CBM 112 Extra"]
[Source "ChessBase"]
[SourceDate "2006.07.14"]
[SourceVersion "1"]
[SourceVersionDate "2006.07.14"]
[SourceQuality "1"]

1. e4 Nc6 2. Nc3 Nf6 3. Nf3 e6 4. Bb5 a6 5. Bxc6 bxc6 6. 0-0 d5 7. e5 Nd7 8. Qe2 c5 9. d3 Be7 10. b3 0-0 11. Bb2 Nb6 12. a4 a5 13. Rfe1 Ba6 14. Rad1 c6 15. Qd2 Qc7 16. Ne2 Rfd8 17. Qf4 c4 18. Qg3 Rab8 19. Nf4 cxb3 20. cxb3 Nd7 21. Nd4 Nf8 22. h4 c5 23. Nf3 Rxb3 24. Bc1 c4 25. d4 Bb4 26. Re3 Rb1 27. Kh2 Qd7 28. h5 Qxa4 29. Rh1 Qc2 30. Re2 Qa4 31. Qg5 Qd7 32. Nh3 Be7 33. Qg4 f5 34. exf6 Bxf6 35. Ba3 Rxh1+ 36. Kxh1 e5 37. Qxd7 Rxd7 38. dxe5 Be7 39. Bxe7 Rxe7 40. Nd4 Ne6 41. Nxe6 Rxe6 42. Nf4 c3 43. Re1 d4 44. Nxe6 d3 45. Nd4 d2 46. Rb1 Bd3 47. Rb8+ Kf7 48. e6+ Kf6 49. Rf8+ Ke7 50. Rf7+ Ke8 0-1

[Event "Donau op 14th"]
[Site "Aschach"]
[Date "2005.12.27"]
[Round "3"]
[White "Studnicka, Tomas"]
[Black "Wegerer, Josef"]
[Result "1-0"]
[WhiteElo "2317"]
[BlackElo "2090"]
[PlyCount "65"]
[EventDate "2005.12.26"]
[EventType "swiss"]
[EventRounds "7"]
[EventCountry "AUT"]
[SourceTitle "CBM 110 Extra"]
[Source "ChessBase"]
[SourceDate "2006.03.10"]
[SourceVersion "2"]
[SourceVersionDate "2006.03.10"]
[SourceQuality "1"]

1. d4 d5 2. c4 e6 3. Nc3 c6 4. cxd5 exd5 5. Qc2 Be7 6. Bf4 Nf6 7. e3 Nh5 8. Bg3 Be6 9. Bd3 Nxg3 10. hxg3 h6 11. Nge2 Bd6 12. Nf4 Bxf4 13. gxf4 g6 14. f3 Na6 15. Bxa6 bxa6 16. 0-0-0 Kf8 17. g4 Qc8 18. Na4 Rb8 19. Nc5 Kg7 20. Rdg1 Bd7 21. f5 Rb4 22. Qd2 a5 23. a3 Rb5 24. e4 dxe4 25. fxe4 Qe8 26. e5 g5 27. Re1 Bc8 28. Rh5 Qd8 29. f6+ Kf8 30. Qxg5 Ke8 31. Rxh6 Rf8 32. Qg7 Rxc5+ 33. dxc5 1-0

[Event "Schwarzach op"]
[Site "Schwarzach"]
[Date "2005.08.??"]
[Round "1"]
[White "Danner, Georg"]
[Black "Wegerer, Josef"]
[Result "1-0"]
[WhiteElo "2408"]
[BlackElo "2090"]
[PlyCount "48"]
[EventDate "2005.08.??"]
[EventType "swiss"]
[EventRounds "9"]
[EventCountry "AUT"]
[SourceTitle "EXT 2007"]
[Source "ChessBase"]
[SourceDate "2006.11.23"]
[SourceVersion "1"]
[SourceVersionDate "2006.11.23"]
[SourceQuality "1"]

1. d4 d5 2. Nf3 c6 3. c4 e6 4. e3 Nf6 5. Nbd2 Be7 6. b3 0-0 7. Bd3 c5 8. 0-0 cxd4 9. exd4 dxc4 10. bxc4 Nc6 11. Bb2 b6 12. Qe2 Bb7 13. Rad1 Re8 14. Ne4 Qc7 15. Rfe1 Nb4 16. d5 exd5 17. Nxf6+ gxf6 18. cxd5 Bxd5 19. Bb5 Bc6 20. Nd4 Bxb5 21. Qg4+ Kh8 22. Nxb5 Qc6 23. Nd6 h5 24. Qxh5+ Kg7 1-0

[Event "Schwarzach op"]
[Site "Schwarzach"]
[Date "2005.08.??"]
[Round "3"]
[White "Ljubic, Juro"]
[Black "Wegerer, Josef"]
[Result "1/2-1/2"]
[WhiteElo "2221"]
[BlackElo "2090"]
[PlyCount "86"]
[EventDate "2005.08.??"]
[EventType "swiss"]
[EventRounds "9"]
[EventCountry "AUT"]
[SourceTitle "EXT 2007"]
[Source "ChessBase"]
[SourceDate "2006.11.23"]
[SourceVersion "1"]
[SourceVersionDate "2006.11.23"]
[SourceQuality "1"]

1. e4 c6 2. d4 d5 3. exd5 cxd5 4. c4 Nf6 5. Nc3 e6 6. a3 Be7 7. Nf3 0-0 8. Be3 dxc4 9. Bxc4 Nc6 10. 0-0 b6 11. Qe2 Bb7 12. Rfd1 Nd5 13. Rac1 Nxc3 14. Rxc3 Bf6 15. d5 exd5 16. Bxd5 Qe8 17. Rc2 Na5 18. Bxb7 Nxb7 19. Qa6 Qe7 20. b4 Nd6 21. Rdc1 Qb7 22. Qxb7 Nxb7 23. Rc7 Nd8 24. Rd1 Ne6 25. Rb7 Rfd8 26. Rxd8+ Nxd8 27. Rd7 Ne6 28. Nd4 Nxd4 29. Bxd4 Bxd4 30. Rxd4 b5 31. Kf1 Kf8 32. Rd7 a6 33. Ke2 h5 34. Kd3 Ke8 35. Rd5 g6 36. Rd6 Ke7 37. Rb6 Rd8+ 38. Ke3 Rd6 39. Rxd6 Kxd6 40. Kd4 g5 41. f3 h4 42. g3 hxg3 43. hxg3 f5 1/2-1/2

[Event "Balatonlelle op"]
[Site "Balatonlelle"]
[Date "2004.07.22"]
[Round "4"]
[White "Wegerer, Josef"]
[Black "Baum, Bernd"]
[Result "0-1"]
[WhiteElo "2071"]
[BlackElo "2231"]
[PlyCount "40"]
[EventDate "2004.07.19"]
[EventType "swiss"]
[EventRounds "9"]
[EventCountry "HUN"]
[SourceTitle "CBM 101 Extra"]
[Source "ChessBase"]
[SourceDate "2004.09.01"]
[SourceVersion "2"]
[SourceVersionDate "2004.09.01"]
[SourceQuality "1"]

1. e4 c5 2. Nc3 Nc6 3. f4 e6 4. Nf3 d5 5. exd5 exd5 6. d4 Nf6 7. Bb5 Be7 8. Ne5 Qc7 9. dxc5 0-0 10. Bxc6 bxc6 11. Qd4 Nd7 12. Nxd7 Bxd7 13. 0-0 Bf5 14. Be3 Rad8 15. Qa4 Bf6 16. Rad1 Bxc3 17. bxc3 Rfe8 18. Rde1 Re4 19. Bd4 Rde8 20. Be5 R8xe5 0-1

[Event "Bayern-chI Bank Hofmann 6th"]
[Site "Bad Wiessee"]
[Date "2002.10.28"]
[Round "3"]
[White "Krockenberger, Martin"]
[Black "Wegerer, Josef"]
[Result "1-0"]
[WhiteElo "2264"]
[BlackElo "2080"]
[PlyCount "69"]
[EventDate "2002.10.26"]
[EventType "swiss"]
[EventRounds "9"]
[EventCountry "GER"]
[SourceTitle "EXT 2003"]
[Source "ChessBase"]
[SourceDate "2002.11.25"]
[SourceVersion "1"]
[SourceVersionDate "2002.11.25"]
[SourceQuality "1"]

1. c4 e5 2. g3 g6 3. Bg2 Bg7 4. Nc3 Nf6 5. e4 Nc6 6. Nge2 0-0 7. 0-0 d6 8. d3 Be6 9. Nd5 Qd7 10. Bg5 Ne8 11. Qd2 f6 12. Be3 Ne7 13. Rac1 c6 14. Nxe7+ Qxe7 15. d4 f5 16. d5 cxd5 17. exd5 Bd7 18. c5 Bb5 19. Rfd1 f4 20. cxd6 Nxd6 21. Bc5 fxg3 22. hxg3 b6 23. Bxd6 Qxd6 24. Nc3 Qd7 25. d6 Bc6 26. Bd5+ Kh8 27. Ne4 Rac8 28. Bxc6 Rxc6 29. Qd5 Rfc8 30. Rxc6 Rxc6 31. Ng5 Bf6 32. Nf7+ Kg7 33. Nxe5 Bxe5 34. Qxe5+ Kf7 35. Qh8 1-0

[Event "Schwarzach op-A"]
[Site "Schwarzach"]
[Date "2001.09.01"]
[Round "8"]
[White "Wegerer, Josef"]
[Black "Schmid, Wolfgang"]
[Result "0-1"]
[WhiteElo "2103"]
[BlackElo "2190"]
[PlyCount "104"]
[EventDate "2001.08.25"]
[EventType "swiss"]
[EventRounds "9"]
[EventCountry "AUT"]
[SourceTitle "EXT 2002"]
[Source "ChessBase"]
[SourceDate "2001.11.25"]
[SourceVersion "1"]
[SourceVersionDate "2001.11.25"]
[SourceQuality "1"]

1. e4 c5 2. Nc3 Nc6 3. g3 e6 4. Bg2 Nge7 5. Nge2 Nd4 6. 0-0 Nec6 7. d3 Be7 8. Nxd4 cxd4 9. Ne2 0-0 10. c4 e5 11. f4 d6 12. f5 Bg5 13. Bxg5 Qxg5 14. a3 a5 15. b3 Bd7 16. h3 Rfb8 17. Qc1 Qxc1 18. Raxc1 b6 19. Rc2 f6 20. Kh2 Kf7 21. Nc1 Nd8 22. a4 Nb7 23. Ra2 Nc5 24. Bf3 Rg8 25. Bd1 Ke7 26. Raf2 Raf8 27. Rg1 g6 28. g4 Rg7 29. Rgf1 g5 30. Kg3 Be8 31. Rh2 Rh8 32. Rfh1 h5 33. gxh5 Bxh5 34. Bg4 Rgh7 35. Bxh5 Rxh5 36. h4 Rg8 37. Kf3 gxh4 38. Rxh4 Rxh4 39. Rxh4 Rg1 40. Ne2 Rd1 41. Rh7+ Ke8 42. Ng3 Rxd3+ 43. Kg4 Re3 44. Rh8+ Kf7 45. Rc8 d3 46. Rc7+ Ke8 47. Nf1 Re1 48. Nd2 Re2 49. Nf3 d2 50. Nxd2 Rxd2 51. Rc6 Nd7 52. Rc8+ Ke7 0-1

[Event "Schwarzach op-A"]
[Site "Schwarzach"]
[Date "2001.08.30"]
[Round "6"]
[White "Wegerer, Josef"]
[Black "Stadler, Peter"]
[Result "1-0"]
[WhiteElo "2103"]
[BlackElo "2189"]
[PlyCount "57"]
[EventDate "2001.08.25"]
[EventType "swiss"]
[EventRounds "9"]
[EventCountry "AUT"]
[SourceTitle "EXT 2002"]
[Source "ChessBase"]
[SourceDate "2001.11.25"]
[SourceVersion "1"]
[SourceVersionDate "2001.11.25"]
[SourceQuality "1"]

1. Nf3 Nf6 2. g3 g6 3. Bg2 Bg7 4. 0-0 0-0 5. d3 d6 6. Nbd2 c5 7. a4 Nc6 8. e4 Rb8 9. c3 a6 10. Re1 b5 11. axb5 axb5 12. Nf1 Qb6 13. Bf4 Nh5 14. Be3 Nf6 15. h3 b4 16. Rb1 Ba6 17. Qd2 Rfd8 18. c4 Nd7 19. Nh4 Bb7 20. Bh6 Bh8 21. Ne3 e6 22. f4 Nd4 23. f5 Bg7 24. Bxg7 Kxg7 25. fxe6 fxe6 26. Ng4 Rg8 27. Rf1 Ne5 28. Qh6+ Kh8 29. Nxe5 1-0

[Event "AUT North-ch"]
[Site "Linz"]
[Date "2001.04.08"]
[Round "3"]
[White "Wegerer, Josef"]
[Black "Weiss, Christian"]
[Result "0-1"]
[WhiteElo "2115"]
[BlackElo "2372"]
[PlyCount "72"]
[EventDate "2001.04.06"]
[EventType "swiss"]
[EventRounds "9"]
[EventCountry "AUT"]
[SourceTitle "EXT 2006"]
[Source "ChessBase"]
[SourceDate "2005.11.24"]
[SourceVersion "1"]
[SourceVersionDate "2005.11.24"]
[SourceQuality "1"]

1. e4 d5 2. exd5 Qxd5 3. Nc3 Qd6 4. d4 Nf6 5. Nf3 Bg4 6. Be2 e6 7. h3 Bh5 8. g4 Bg6 9. Ne5 Nc6 10. Nb5 Qd8 11. Bf3 Nd5 12. Nxg6 hxg6 13. Bxd5 exd5 14. Qe2+ Be7 15. Bf4 Rc8 16. 0-0-0 0-0 17. Qf3 Bf6 18. Be3 Nb4 19. a3 c6 20. Nc3 Na6 21. h4 b5 22. g5 Be7 23. Qg3 b4 24. axb4 Nxb4 25. h5 Qd7 26. h6 Qf5 27. Rd2 Rfe8 28. hxg7 Kxg7 29. Bf4 f6 30. gxf6+ Bxf6 31. Bd6 a5 32. Bc5 Bg5 33. Bxb4 axb4 34. Nd1 Ra8 35. Kb1 Ra7 36. Ne3 Bxe3 0-1

[Event "Schwarzach op-A"]
[Site "Schwarzach"]
[Date "2000.08.21"]
[Round "3"]
[White "Eberl, Hans Christian"]
[Black "Wegerer, Josef"]
[Result "1-0"]
[WhiteElo "2041"]
[BlackElo "2085"]
[PlyCount "51"]
[EventDate "2000.08.19"]
[EventType "swiss"]
[EventRounds "9"]
[EventCountry "AUT"]
[SourceTitle "EXT 2001"]
[Source "ChessBase"]
[SourceDate "2000.11.22"]
[SourceVersion "1"]
[SourceVersionDate "2000.11.22"]
[SourceQuality "1"]

1. e4 e5 2. f4 exf4 3. Nf3 d6 4. d4 g5 5. h4 g4 6. Ng1 Be7 7. Bxf4 Bxh4+ 8. g3 Bg5 9. Ne2 Nc6 10. Nbc3 h5 11. Nd5 f6 12. Qd3 Nce7 13. 0-0-0 Be6 14. Bg2 Qd7 15. Bxg5 fxg5 16. Qe3 c6 17. Nxe7 Qxe7 18. d5 Bf7 19. dxc6 b6 20. Nd4 Qe5 21. Nf5 0-0-0 22. Qd3 Kc7 23. Qa6 Kxc6 24. Qxa7 Rd7 25. Nd4+ Qxd4 26. Qa8+ 1-0